[Event "Asia-ch (Women) 10th"]
[Site "Calicut"]
[Date "2003.08.22"]
[Round "6"]
[White "Tian, Tian"]
[Black "Karavade, Eesha"]
[Result "1-0"]
[WhiteElo "2300"]
[BlackElo "2218"]
[PlyCount "125"]
[EventDate "2003.08.17"]
[EventType "swiss"]
[EventRounds "9"]
[EventCountry "IND"]
[SourceTitle "CBM 095 Extra"]
[Source "ChessBase"]
[SourceDate "2003.09.04"]
[SourceVersion "1"]
[SourceVersionDate "2003.09.04"]
[SourceQuality "1"]

1. e4 c5 2. Nc3 d6 3. g3 Nc6 4. Bg2 g6 5. d3 Bg7 6. Be3 e6 7. Qd2 Rb8 8. Nf3 Nd4 9. 0-0 Ne7 10. Nh4 0-0 11. f4 b6 12. Nd1 f5 13. c3 Ndc6 14. Bf2 Bb7 15. Re1 e5 16. Nf3 fxe4 17. dxe4 exf4 18. gxf4 Qc7 19. Bg3 Nd8 20. Nf2 Nf7 21. Ng4 Rbd8 22. Qc2 Bc8 23. Ne3 Kh8 24. Rad1 Nh6 25. Qe2 Ng4 26. Qc4 Nxe3 27. Rxe3 Nc6 28. Ng5 Rde8 29. Qd5 h6 30. Nf3 Rd8 31. Qd2 Qf7 32. Qd5 Qxd5 33. exd5 Nb8 34. Nh4 Rf6 35. Rde1 Bd7 36. Be4 Be8 37. Bxg6 Bxg6 38. Nxg6+ Rxg6 39. Re8+ Rxe8 40. Rxe8+ Kh7 41. Rxb8 h5 42. Kf2 Bf6 43. Rb7+ Kg8 44. Kf3 Rg7 45. Rxg7+ Kxg7 46. f5 Be7 47. Ke4 Bf8 48. Bh4 Kf7 49. Kf4 Bh6+ 50. Ke4 b5 51. Bg3 Bf8 52. Bf4 Be7 53. h4 Bxh4 54. Bxd6 c4 55. Be5 Bd8 56. d6 h4 57. Kd5 h3 58. d7 Ke7 59. Kc6 a6 60. Bd6+ Kf7 61. Kb7 Kf6 62. Kc8 Bb6 63. Bc7 1-0

[Event "Asia-ch (Women) 10th"]
[Site "Calicut"]
[Date "2003.08.20"]
[Round "4"]
[White "Tian, Tian"]
[Black "Vijayalakshmi, Subbaraman"]
[Result "0-1"]
[WhiteElo "2300"]
[BlackElo "2435"]
[PlyCount "146"]
[EventDate "2003.08.17"]
[EventType "swiss"]
[EventRounds "9"]
[EventCountry "IND"]
[SourceTitle "CBM 095 Extra"]
[Source "ChessBase"]
[SourceDate "2003.09.04"]
[SourceVersion "1"]
[SourceVersionDate "2003.09.04"]
[SourceQuality "1"]

1. e4 e5 2. Nf3 Nc6 3. Bc4 Bc5 4. c3 Nf6 5. d3 a6 6. Nbd2 Ba7 7. Bb3 0-0 8. h3 d5 9. 0-0 dxe4 10. dxe4 Qe7 11. Qe2 Nh5 12. Qd1 Rd8 13. Bd5 Nf4 14. Nb3 Qf6 15. Bxf4 Qxf4 16. Qc1 Ne7 17. Qxf4 exf4 18. Rad1 Rf8 19. e5 Nxd5 20. Rxd5 Be6 21. Rd2 Rad8 22. Rfd1 Rxd2 23. Rxd2 h6 24. Nbd4 Bxa2 25. b3 Bxd4 26. Nxd4 Bb1 27. e6 Re8 28. Re2 fxe6 29. Rxe6 Rxe6 30. Nxe6 a5 31. Nxc7 Bc2 32. b4 a4 33. Nb5 Bd3 34. Na3 Kf7 35. f3 Kf6 36. Kf2 Kf5 37. h4 Kg6 38. Ke1 Kh5 39. c4 Kxh4 40. c5 Kg3 41. Kd2 Bf5 42. b5 Bd7 43. b6 Kxg2 44. Nc4 a3 45. Kc3 a2 46. Kb2 Bb5 47. Ne5 Ba6 48. Nd3 Kxf3 49. Nb4 Ke4 50. c6 f3 51. c7 f2 52. c8Q a1Q+ 53. Kxa1 f1Q+ 54. Kb2 Qf2+ 55. Ka3 Qf3+ 56. Kb2 Qe2+ 57. Ka3 g5 58. Qe6+ Kf4 59. Qxh6 Bc4 60. Qf6+ Kg4 61. Qd4+ Kg3 62. Qg1+ Qg2 63. Qe1+ Kh3 64. Ka4 Qf3 65. Qb1 g4 66. Qh7+ Kg2 67. Qc2+ Qe2 68. Qh7 Qe8+ 69. Ka3 Qe3+ 70. Kb2 Qb3+ 71. Kc1 Qxb4 72. Qxb7+ Kf2 73. Qh7 Qc3+ 0-1

[Event "Wch U20 Girls 19th"]
[Site "Goa"]
[Date "2002.12.19"]
[Round "12"]
[White "Ubiennykh, Ekaterina"]
[Black "Tian, Tian"]
[Result "1-0"]
[WhiteElo "2210"]
[BlackElo "2311"]
[PlyCount "87"]
[EventDate "2002.12.09"]
[EventType "swiss"]
[EventRounds "13"]
[EventCountry "IND"]
[SourceTitle "CBM 091 Extra"]
[Source "ChessBase"]
[SourceDate "2003.01.09"]
[SourceVersion "1"]
[SourceVersionDate "2003.01.09"]
[SourceQuality "1"]

1. e4 c6 2. d4 d5 3. Nc3 dxe4 4. Nxe4 Nd7 5. Ng5 Ngf6 6. Bd3 e6 7. Qe2 Bd6 8. N1f3 h6 9. Ne4 Nxe4 10. Qxe4 Qc7 11. Bd2 c5 12. Qe2 Nf6 13. 0-0-0 Bd7 14. dxc5 Bxc5 15. Ne5 Bc6 16. Bc4 0-0 17. Nxc6 bxc6 18. g4 Bd4 19. h4 Qe5 20. Qxe5 Bxe5 21. g5 Ne4 22. Be3 Rab8 23. c3 Nd6 24. Bd3 hxg5 25. hxg5 Nf5 26. Bxf5 exf5 27. f4 Bc7 28. Rh4 Rfd8 29. Rdh1 Kf8 30. Bc5+ Ke8 31. Re1+ Kd7 32. Re7+ Kc8 33. Rxf7 Rd7 34. Rh8+ Bd8 35. Rxd7 Kxd7 36. Bxa7 Ra8 37. Bb6 Bxb6 38. Rxa8 Be3+ 39. Kd1 Bxf4 40. Ke2 Bxg5 41. Ra7+ Kd6 42. Rxg7 Bc1 43. b3 Kd5 44. a4 1-0

[Event "Wch U20 Girls 19th"]
[Site "Goa"]
[Date "2002.12.17"]
[Round "10"]
[White "Tian, Tian"]
[Black "Zhao, Xue"]
[Result "1/2-1/2"]
[WhiteElo "2311"]
[BlackElo "2367"]
[PlyCount "94"]
[EventDate "2002.12.09"]
[EventType "swiss"]
[EventRounds "13"]
[EventCountry "IND"]
[SourceTitle "CBM 091 Extra"]
[Source "ChessBase"]
[SourceDate "2003.01.09"]
[SourceVersion "1"]
[SourceVersionDate "2003.01.09"]
[SourceQuality "1"]

1. e4 c5 2. Nc3 Nc6 3. g3 g6 4. Bg2 Bg7 5. d3 d6 6. Be3 Rb8 7. Qd2 b5 8. f4 b4 9. Nd1 Qb6 10. Nf3 f5 11. 0-0 Nf6 12. exf5 gxf5 13. Kh1 0-0 14. Bg1 e6 15. Re1 Bd7 16. d4 Rbd8 17. Ng5 Rfe8 18. d5 exd5 19. Bxd5+ Kf8 20. Ne3 Nd4 21. Bg2 h6 22. c3 hxg5 23. cxd4 gxf4 24. gxf4 Ne4 25. dxc5 dxc5 26. Qc2 Rc8 27. Nxf5 Bxf5 28. Bxe4 Rxe4 29. Rxe4 Qb7 30. Rae1 Bxe4+ 31. Qxe4 Qxe4+ 32. Rxe4 c4 33. Bd4 c3 34. Bxg7+ Kxg7 35. bxc3 bxc3 36. Re1 Kf6 37. Kg2 Kf5 38. Kf3 Rc4 39. Rc1 Rxf4+ 40. Ke3 Rh4 41. Rc2 Ke5 42. Kd3 Rh3+ 43. Kc4 Kd6 44. a4 a5 45. Rxc3 Rxh2 46. Kb5 Rh5+ 47. Kb6 Kd7 1/2-1/2